000 00889nam a2200205 a 4500
008 070214s1996 ||||||||||||||||| || u
020 _a0521552893
050 _aHG 6024.A3 Bax
100 _aBaxter, Martin
245 1 0 _aFinancial calculus
246 _aan introduction to derivative pricing
260 _aCambridge
_bCambridge University Press
_c1996
300 _aix, 233p.;ill.
350 _a0.00
650 0 _aFINANCE--DEVELOPING COUNTRIES
650 _aDERIVATIVE SECURITIES--PRICES--MATHEMATICS
700 _aRennie, Andrew
995 _aMAIN LIBRARY OPEN ACCESS
_D0.00
_e737521
_FCBU-MAIN LIBRARY (Kitwe)
_H1
_I0.00
_jHG 6024.A3 Bax
_M1
_UAVAILABLE
_WFeb 14, 2007
_y52991
_ZMain Library Open Access Collection
995 _aANNEX COLLECTION (Main Library)
_D0.00
_e737522
_FCBU-MAIN LIBRARY (Kitwe)
_H1
_I0.00
_jHG 6024.A3 Bax
_M2
_UAVAILABLE
_WFeb 14, 2007
_y52943
_ZAnnex Low-Usage Collection
999 _c63085
_d63085